| 000 | 00718nam a2200229 a 4500 | ||
|---|---|---|---|
| 001 | BRCA_8189 | ||
| 005 | 20190320210153.0 | ||
| 008 | 080514s1953----enka###f##---#000-0#eng-# | ||
| 041 | _aeng | ||
| 044 | _aenk | ||
| 050 | 4 |
_aHG1505 _b.S76 _c1953 |
|
| 245 | 1 | 0 |
_aThe stock exchange official yearbook _b1953 |
| 260 |
_aLondres _bThomas Skinner & co. _c1953 |
||
| 300 |
_a2 v. _bil. _c26 cm. |
||
| 440 | 0 |
_aThe stock exchange official yearbook _nI _nII _920410 |
|
| 500 | _aDos volúmenes inventariados como un solo libro por el Banco de México | ||
| 500 | _aX103 | ||
| 650 | 1 | 4 |
_aBanca y finanzas _vDirectorios _zInglaterra _920411 |
| 650 | 1 | 4 |
_aNegocios _vDirectorios _zInglaterra _920412 |
| 902 | _aGFM | ||
| 942 |
_2lcc _cB |
||
| 999 |
_c7857 _d7857 |
||